Financial Accounting and Reporting: II Sem BBA (Record no. 221864)
[ view plain ]
| 000 -LEADER | |
|---|---|
| fixed length control field | 00696nam a22002297a 4500 |
| 005 - DATE AND TIME OF LATEST TRANSACTION | |
| control field | 20220314122251.0 |
| 008 - FIXED-LENGTH DATA ELEMENTS--GENERAL INFORMATION | |
| fixed length control field | 220314b ||||| |||| 00| 0 eng d |
| 040 ## - CATALOGING SOURCE | |
| Transcribing agency | AL |
| 041 ## - LANGUAGE CODE | |
| Language code of text/sound track or separate title | English |
| 082 ## - DEWEY DECIMAL CLASSIFICATION NUMBER | |
| Edition number | 23 |
| Classification number | 658.1512 |
| Item number | JAIF |
| 100 ## - MAIN ENTRY--PERSONAL NAME | |
| Personal name | S P Jain and others |
| 100 ## - MAIN ENTRY--PERSONAL NAME | |
| 9 (RLIN) | 23597 |
| 245 ## - TITLE STATEMENT | |
| Title | Financial Accounting and Reporting: II Sem BBA |
| 260 ## - PUBLICATION, DISTRIBUTION, ETC. | |
| Place of publication, distribution, etc. | Ludhiana |
| Name of publisher, distributor, etc. | Kalyani Publishers |
| Date of publication, distribution, etc. | 2022 |
| 300 ## - PHYSICAL DESCRIPTION | |
| Extent | 245 p. |
| Other physical details | PB |
| Dimensions | 23x17 cm. |
| 365 ## - TRADE PRICE | |
| Price type code | 6351 |
| Price amount | ₹156.00 |
| Currency code | ₹ |
| Unit of pricing | ₹195.0023 |
| Price note | 20% |
| Price effective from | 10-03-2022 |
| 650 ## - SUBJECT ADDED ENTRY--TOPICAL TERM | |
| Topical term or geographic name entry element | Financial Accounting |
| 9 (RLIN) | 23598 |
| 700 ## - ADDED ENTRY--PERSONAL NAME | |
| Personal name | JAIN (S P) |
| 9 (RLIN) | 23599 |
| 700 ## - ADDED ENTRY--PERSONAL NAME | |
| Personal name | NARANG (K L) |
| 9 (RLIN) | 23600 |
| 700 ## - ADDED ENTRY--PERSONAL NAME | |
| Personal name | AGARWAL (Simmi) |
| 9 (RLIN) | 23601 |
| 700 ## - ADDED ENTRY--PERSONAL NAME | |
| Personal name | SEHGAL (Monika) |
| 9 (RLIN) | 23602 |
| 942 ## - ADDED ENTRY ELEMENTS (KOHA) | |
| Source of classification or shelving scheme | Dewey Decimal Classification |
| Koha item type | Book |
| Withdrawn status | Lost status | Source of classification or shelving scheme | Damaged status | Not for loan | Collection code | Home library | Current library | Date acquired | Source of acquisition | Cost, normal purchase price | Total Checkouts | Full call number | Barcode | Date last seen | Date last checked out | Cost, replacement price | Price effective from | Koha item type | Total Renewals |
|---|---|---|---|---|---|---|---|---|---|---|---|---|---|---|---|---|---|---|---|
| Dewey Decimal Classification | Management | St Aloysius Library | St Aloysius Library | 03/12/2022 | Biblios Book Point | 156.00 | 2 | 658.1512 JAIF | 075654 | 08/10/2023 | 01/19/2023 | 195.00 | 03/14/2022 | Book | |||||
| Dewey Decimal Classification | Management | St Aloysius Library | St Aloysius Library | 03/12/2022 | Biblios Book Point | 156.00 | 10 | 658.1512 JAIF | 075655 | 06/06/2025 | 03/06/2025 | 195.00 | 03/14/2022 | Book | 3 | ||||
| Dewey Decimal Classification | Management | St Aloysius Library | St Aloysius Library | 03/12/2022 | Biblios Book Point | 156.00 | 2 | 658.1512 JAIF | 075656 | 05/19/2023 | 01/14/2023 | 195.00 | 03/14/2022 | Book |